00280nam a2200121Ia 4500008004100000041000900041082001800050100002100068245001700089260003600106300000800142650000800150230718s9999 xx 000 0 und d aEng. a343.54bMAG-L aMaghiana,Zeb Ali 0alaw of becil aPakistanbkashif law bookc2013 a430 aLaw